Größte Länder - Sudden Death - Statistiken

Allgemein
  • Dieses Quiz wurde 63.886 mal gespielt
  • Das Durchschnittsergebnis liegt bei 5 aus 12
Answers on the Grid
Answers color-coded by a green-red scale on the quiz's grid according to % correct below.
Russland
Kanada
China
Vereinigte Staaten
Brasilien
Australien
Indien
Argentinien
Kasachstan
Algerien
Demokratische Republik Kongo
Saudi Arabien
Mexiko
Indonesien
Sudan
Libyen
Iran
Mongolei
Peru
Tschad
Niger
Angola
Mali
Südafrika
Kolumbien
Äthiopien
Bolivien
Mauretanien
Ägypten
Tansania
 
Antwortstatistiken
Antwort % Korrekt
Russland
67%
China
59%
Vereinigte Staaten
58%
Brasilien
54%
Kanada
52%
Australien
47%
Indien
40%
Kasachstan
33%
Demokratische Republik Kongo
27%
Argentinien
23%
Saudi Arabien
20%
Algerien
17%
Keine übereinstimmenden Quizze gefunden
Verteilung der Resultate
Anzahl Personen mit jedem Resultat
Perzentil nach korrekt beantworteten Fragen
Ihre Resultats-Entwicklung
Sie haben dieses Quiz noch nicht gespielt